INTRODUCTION TO THE THEORY OF STATISTICS (Record no. 9448)
[ view plain ]
| 000 -LEADER | |
|---|---|
| fixed length control field | 00792nam a22001697a 4500 |
| 003 - CONTROL NUMBER IDENTIFIER | |
| control field | SGT |
| 020 ## - INTERNATIONAL STANDARD BOOK NUMBER | |
| International Standard Book Number | 9780070445208 |
| 082 ## - DEWEY DECIMAL CLASSIFICATION NUMBER | |
| Classification number | 331,MOD |
| 100 ## - MAIN ENTRY--PERSONAL NAME | |
| Personal name | MOOD M. ALEXANDER |
| 245 ## - TITLE STATEMENT | |
| Title | INTRODUCTION TO THE THEORY OF STATISTICS |
| 250 ## - EDITION STATEMENT | |
| Edition statement | 3RD |
| 260 ## - PUBLICATION, DISTRIBUTION, ETC. (IMPRINT) | |
| Place of publication, distribution, etc | NEW DELHI |
| Name of publisher, distributor, etc | MC GRAW HILL |
| Year of Publication | 2001 |
| 300 ## - PAGE DESCRIPTION | |
| No. of Pages | 564 |
| 650 ## - SUBJECT ADDED ENTRY--TOPICAL TERM | |
| Topical term or geographic name as entry element | LABOR ECONOMICS |
| 653 ## - KEYWORDS--INDEX TERM | |
| Keyword term | PROBABILITY, RANDOM VARIABLES, DISTRIBUTION FUNCTIONS, AND EXPECTATION, SPECIAL PARAMETRIC FAMILITES OF UNIVARIATE DISTRIBUTIONS, JOINT AND CONDITIONAL DISTRIBUTIONS, STOCHASTIC INDEPENDENCE,MORE EXCEPTION, DISTRIBUTIONS OF FUNCTIONS AND RANDOM VARIABLES, SAMPLING AND SAMPLING DISTRIBUTIONS, PARAMETRIC POINT ESTIMATION, Parametric Interval Estimation, TESTS OF HYPOTHESES, LINEAR MODELS, NONPARAMETRIC METHOD, |
| 942 ## - ADDED ENTRY ELEMENTS (KOHA) | |
| Source of classification or shelving scheme | Dewey Decimal Classification |
| Koha item type | FPS Books |
| Withdrawn status | Lost status | Source of classification or shelving scheme | Damaged status | Not for loan | Collection code | Home library | Current library | Shelving location | Date acquired | Vendor Name | Cost, normal purchase price | SGTU | Bill Number | Full call number | Accession No. (Barcode) | Date last seen | Bill Date | Koha item type | Total Checkouts |
|---|---|---|---|---|---|---|---|---|---|---|---|---|---|---|---|---|---|---|---|
| Dewey Decimal Classification | Not For Loan | SCIENCE | SGT Science & Social Sciences Library | SGT Science & Social Sciences Library | Reference Book | 04/07/2016 | KIRTI PRAKASHAN | 685.00 | SGTU | 2947 | 331,MOD | PS959 | 04/07/2016 | 19/09/2015 | FPS Books | ||||
| Dewey Decimal Classification | SCIENCE | SGT Science & Social Sciences Library | SGT Science & Social Sciences Library | Text Book | 10/09/2016 | AHUJA BOOK | 699.00 | SGTU | 7132 | 331,MOD | PS2267 | 10/09/2016 | 08/08/2016 | FPS Books | |||||
| Dewey Decimal Classification | SCIENCE | SGT Science & Social Sciences Library | SGT Science & Social Sciences Library | Text Book | 10/09/2016 | AHUJA BOOK | 699.00 | SGTU | 7132 | 331,MOD | PS2268 | 10/09/2016 | 08/08/2016 | FPS Books | |||||
| Dewey Decimal Classification | SCIENCE | SGT Science & Social Sciences Library | SGT Science & Social Sciences Library | Text Book | 10/09/2016 | AHUJA BOOK | 699.00 | SGTU | 7132 | 331,MOD | PS2269 | 10/09/2016 | 08/08/2016 | FPS Books |